Ethnolinguistics prehistory of the eastern himalaya (Record no. 1229437)

MARC details
000 -LEADER
fixed length control field 00619nam a2200217Ia 4500
005 - DATE AND TIME OF LATEST TRANSACTION
control field 20241129111222.0
008 - FIXED-LENGTH DATA ELEMENTS--GENERAL INFORMATION
fixed length control field 241129s9999||||xx |||||||||||||| ||und||
020 ## - INTERNATIONAL STANDARD BOOK NUMBER
International Standard Book Number 978-90-04-51313-6
037 ## - SOURCE OF ACQUISITION
Stock number TB
040 ## - CATALOGING SOURCE
Original cataloging agency CRL
Language of cataloging eng
Transcribing agency CRL
041 ## - LANGUAGE CODE
Language code of text/sound track or separate title eng
Source of code eng
084 ## - COLON CLASSIFICATION NUMBER
Classification number P:(Y7).4g7H R2
Assigning agency CRL
100 ## - MAIN ENTRY--PERSONAL NAME
Personal name Post Mark W. Ed.
9 (RLIN) 723691
245 #0 - TITLE STATEMENT
Title Ethnolinguistics prehistory of the eastern himalaya
Statement of responsibility, etc. Post Mark W. Ed.
260 ## - PUBLICATION, DISTRIBUTION, ETC.
Place of publication, distribution, etc. Leiden, UK
Name of publisher, distributor, etc. Leiden
Date of publication, distribution, etc. 2022
300 ## - PHYSICAL DESCRIPTION
Extent xi,366p.
365 ## - TRADE PRICE
Price type code EURO
Price amount 130
650 ## - SUBJECT ADDED ENTRY--TOPICAL TERM
Topical term or geographic name entry element Linguistic
9 (RLIN) 558313
942 ## - ADDED ENTRY ELEMENTS (KOHA)
Koha item type Textbook
Classification part P:(Y7).4g7H R2
Holdings
Withdrawn status Lost status Damaged status Not for loan Home library Current library Date acquired Source of acquisition Cost, normal purchase price Inventory number Total Checkouts Full call number Barcode Date last seen Price effective from Koha item type
        Central Library Central Library 2024-11-29 Efficient Book Distributors 130.00 9291 & 19/12/2023   P:(Y7).4g7H R2 CL1680238 2024-11-29 2024-11-29 Textbook
Copyright @ Delhi University Library System